000 00758nam a22002297a 4500
003 OSt
005 20251010014507.0
008 251010b |||||||| |||| 00| 0 eng d
020 _a978-0-415-36925-1
040 _aDWCL-Admin lib
_cOC
082 _aCirc. 371.9 M681w 2008
100 _aMitchell, David
245 _a What really works in special and inclusive education: using evidence based teaching strategies/
_cDavid Mitchell
260 _aLondon:
_bRoutledge,
_cc2008.
300 _axi, 240 p. : ill. ;
_c24 cm
504 _aIncludes bibliographical references and index.
650 _a1. Classroom management.
650 _a2. Inclusive education.
650 _a3. Special education.
650 _a4. Teaching.
942 _2ddc
_cBK-CIRC
_kCirc.
_n0
999 _c4796
_d4796